I wonder why the sun rises and other questions about time and seasons / (Record no. 2745)

MARC details
000 -LEADER
fixed length control field 01114cam a2200313 a 4500
005 - DATE AND TIME OF LATEST TRANSACTION
control field 20250813135129.0
020 ## - INTERNATIONAL STANDARD BOOK NUMBER
International Standard Book Number 9780753465295
040 ## - CATALOGING SOURCE
Original cataloging agency DLC
Transcribing agency DLC
Modifying agency DLC
Language of cataloging eng
050 00 - LIBRARY OF CONGRESS CALL NUMBER
Classification number QB209.W38
082 00 - DEWEY DECIMAL CLASSIFICATION NUMBER
Classification number 508
100 1# - MAIN ENTRY--PERSONAL NAME
Personal name Walpole, Brenda
245 10 - TITLE STATEMENT
Title I wonder why the sun rises and other questions about time and seasons /
Statement of responsibility, etc. Brenda Walpole
250 ## - EDITION STATEMENT
Edition statement First published in 1996
260 ## - PUBLICATION, DISTRIBUTION, ETC.
Place of publication, distribution, etc. New York :
Name of publisher, distributor, etc. Kingfisher,
Date of publication, distribution, etc. 2011
300 ## - PHYSICAL DESCRIPTION
Extent 32 pages :
Other physical details color illustrations ;
Dimensions 28 cm.
490 1# - SERIES STATEMENT
Series statement I wonder why
505 ## - FORMATTED CONTENTS NOTE
Formatted contents note U <br/>
520 ## - SUMMARY, ETC.
Summary, etc. Uses a question and answer format to present information about time and the seasons, such as how to split a second, who invented our calendar, and why the moon changes shapes.
521 ## - TARGET AUDIENCE NOTE
Target audience note 820 <br/>
Source Lexile <br/>
521 ## - TARGET AUDIENCE NOTE
Target audience note U <br/>
Source Raz-Plus <br/>
650 #0 - SUBJECT ADDED ENTRY--TOPICAL TERM
Topical term or geographic name entry element Time
General subdivision Miscellanea
-- Juvenile literature.
650 #0 - SUBJECT ADDED ENTRY--TOPICAL TERM
Topical term or geographic name entry element Seasons
General subdivision Miscellanea
-- Juvenile literature.
650 #1 - SUBJECT ADDED ENTRY--TOPICAL TERM
Topical term or geographic name entry element Time
General subdivision Miscellanea.
650 #1 - SUBJECT ADDED ENTRY--TOPICAL TERM
Topical term or geographic name entry element Seasons
General subdivision Miscellanea.
650 #1 - SUBJECT ADDED ENTRY--TOPICAL TERM
Topical term or geographic name entry element Questions and answers.
906 ## - LOCAL DATA ELEMENT F, LDF (RLIN)
a 7
b cbc
c orignew
d 1
e ocip
f 19
g y-gencatlg
942 ## - ADDED ENTRY ELEMENTS (KOHA)
Source of classification or shelving scheme Dewey Decimal Classification
Koha item type Books
Suppress in OPAC No
999 ## -
-- 2745
-- 2745
Holdings
Withdrawn status Lost status Source of classification or shelving scheme Damaged status Not for loan Collection Home library Current library Shelving location Date acquired Total Checkouts Full call number Barcode Date last seen Copy number Price effective from Koha item type
    Dewey Decimal Classification     Non-Fiction Footprints International School Library Network Toul Tom Poung Campus Footprints International School Library Network Toul Tom Poung Campus TTP Secondary Non-Fiction Bookshelves 01/12/2024   WAL 508 QB209.W38 FISTK01979 01/12/2024 1 01/12/2024 Books
    Dewey Decimal Classification     Non-Fiction Footprints International School Library Network Toul Tom Poung Campus Footprints International School Library Network Toul Tom Poung Campus TTP Secondary Non-Fiction Bookshelves 08/13/2025   WAL 508 QB209.W38 FIS03757 08/13/2025 2 08/13/2025 Books